[Event "ESP-chB"]
[Site "Lorca"]
[Date "2005.11.13"]
[Round "4.1"]
[White "Comas Fabrego, Luis"]
[Black "Narciso Dublan, Marc"]
[Result "1/2-1/2"]
[WhiteElo "2507"]
[BlackElo "2530"]
[Annotator "Marin,M"]
[PlyCount "62"]
[EventDate "2005.11.10"]
[EventType "tourn"]
[EventRounds "5"]
[EventCountry "ESP"]
[EventCategory "10"]
[SourceTitle "CBM 111"]
[Source "ChessBase"]
[SourceDate "2006.04.04"]
[SourceVersion "1"]
[SourceVersionDate "2006.04.04"]
[SourceQuality "1"]

1. d4 d5 2. c4 e6 3. Nc3 Nf6 4. cxd5 exd5 5. Bg5 c6 6. e3 Be7 7. Bd3 Ne4 $5 {
Not a very popular move.} ({I have examined recently this early knight jump in
slightly different circumstances:} 7... Nbd7 8. Nf3 Ne4 {although the move
order is usually different. See Nyback-Fillipov CBM 106 and Khenkin-Bacrot CBM
110.}) 8. Bxe7 ({The main alternative is} 8. Bf4) 8... Qxe7 9. Qc2 Nxc3 {
Black releases the tension in the centre, hoping that after this new exchange
he will obtain a free development for his pieces.} ({The alternative would be
to consolidate his central outpost with} 9... Bf5 {. However, White can take
advantage of the fact that he delayed the development of the king's knight with
} 10. Nge2 (10. Nf3 Nd7 11. O-O Ndf6 {would just transpose to the
aforementioned games.}) 10... Nd7 11. O-O Ndf6 12. Rae1 O-O 13. Nc1 Nxc3 14.
Bxf5 $5 (14. bxc3 Bxd3 15. Nxd3 Ne4 16. c4 b5 $5 17. cxd5 cxd5 18. Rc1 Qa3 19.
Nc5 Rfc8 20. Qb3 Qxb3 21. axb3 a5 $11 {1/2-1/2 Hjartarson,J (2405)-Campora,D 
(2455)/Lone Pine 1981/MCL (48)}) 14... Nce4 15. f3 Nd6 16. Bd3 Rae8 (16... Rfe8
17. e4 dxe4 18. fxe4 Nfxe4 19. Bxe4 Nxe4 20. Rf4 f5 21. Rxf5 $16) 17. Nb3 $14)
10. bxc3 Nd7 ({Although it will most probbaly lead to considerable loss of
time,} 10... Qg5 {makes some sense, becauseit forces White to weaken his king
side.} 11. g3 Nd7 12. Nf3 Qf6 13. Nh4 g6 14. O-O c5 15. f4 $5 O-O 16. Qg2 Qe7
17. Rae1 Nf6 18. f5 Re8 19. fxg6 hxg6 20. Nf3 Be6 21. Ne5 Rac8 $13 {0-1
Christiansen,L (2555)-Adianto,U (2400)/Reykjavik 1986/EXT 2000 (42)}) 11. Ne2
Nf6 12. O-O O-O 13. c4 dxc4 {Played again without any prejudice. Black hopes
to carry out the thematic pawn break ...c5, whih would give him easy play.} 14.
Qxc4 (14. Bxc4 {is slightly more natural. White cannot easily play the planned
...c5.} Be6 (14... Bg4 $5 15. Rfc1 Rac8) 15. Bd3 Rac8 ({The immdeiate} 15... c5
$6 {is not justified tactically:} 16. dxc5 Rac8 17. Rfc1 Rc7 18. Nd4 Rfc8 19.
c6 Bd5 20. cxb7 Bxb7 21. Qd1 $16 {1-0 Fedorowicz,J (2555)-Frometa,Z (2200)/
Mexico 1991/TD (57)}) 16. Rfc1 Rfd8 17. Nf4 (17. a4 c5 18. dxc5 Rd5 $11) 17...
Bd5 18. Qa4 $14) 14... Rd8 15. Qc2 {This willing retreat does not seem to make
much sense.} (15. Rfc1 {looks more critical, for instance} Bg4 16. Ng3 Rac8 17.
Qa4) 15... Bg4 16. Ng3 $146 {This novelty fails to prevent Black's plan.} ({
The same as} 16. h3 Bxe2 17. Bxe2 Rac8 18. Bf3 c5 19. dxc5 Rxc5 20. Qb2 b6 21.
Rfd1 Rdc8 22. a4 g6 $11 {0-1 Granados Gomez,M (2414)-Narciso Dublan,M (2458)/
Badalona 2005/CBM 105 ext (59)}) (16. Rfc1 Rac8 17. Nf4 {looks like a better
chance to preserve White's advantage of space, by taking the d5-square under
control.}) 16... c5 $1 {Black equalises easily now.} 17. h3 Be6 18. dxc5 Rac8
19. Rac1 Rd5 {This move would have been impossible with the knight on f4.} 20.
Qb1 Rdxc5 21. Rxc5 Rxc5 22. Ne4 Nxe4 23. Bxe4 g6 24. Qxb7 Qxb7 25. Bxb7 Ra5 $11
{It is time for White already to look for a way to the draw.} 26. Rd1 Kf8 27.
Bc6 Rxa2 28. Bd5 Bxd5 29. Rxd5 h5 30. g4 hxg4 31. hxg4 Ke7 1/2-1/2

[Event "FIDE World Cup 13-16"]
[Site "Khanty-Mansiysk"]
[Date "2005.12.13"]
[Round "6.2"]
[White "Sakaev, Konstantin"]
[Black "Dreev, Alexey"]
[Result "1/2-1/2"]
[WhiteElo "2668"]
[BlackElo "2694"]
[Annotator "Marin,M"]
[PlyCount "91"]
[EventDate "2005.11.27"]
[EventType "k.o."]
[EventRounds "7"]
[EventCountry "RUS"]
[SourceTitle "CBM 111"]
[Source "ChessBase"]
[SourceDate "2006.04.04"]
[SourceVersion "1"]
[SourceVersionDate "2006.04.04"]
[SourceQuality "1"]

1. d4 d5 2. c4 c6 3. Nf3 Nf6 4. Nc3 e6 5. Bg5 Nbd7 6. cxd5 exd5 7. e3 Bd6 8.
Bd3 Nf8 9. Ne5 Qe7 10. f4 Ne6 $5 $146 (10... h6 {1-0 Comas Fabrego,L (2509)
-Gonzalez Garcia,J (2447)/Mataro 2005/CBM 106/[Marin,M] (47)}) 11. Bh4 g5 $5 {
A radical attempt to question White's domination in the centre. The whole
operation looks slightly risky, because Black weakens his king side dark
squares without having completed his development yet.} 12. fxg5 Bxe5 13. dxe5
Nd7 14. O-O Nxe5 15. Rf6 {White immediately starts invading the weak squares.}
Bd7 {Black makes a useful developing move without defining his king's
intentions yet.} (15... O-O $2 {would be bad because of} 16. g6 $1 {[%cal
Yh4e7]}) ({but} 15... Ng6 $5 {, blocking the g6-square comes into
consideration.}) 16. Bf5 Ng7 $6 {Black's desire to exchange some of the
intruders is perfectly understandable, but this is not such a good square for
the knight.} (16... O-O-O $6 {would be risky because of} 17. Rc1 {when the
black king cannot easily avoid the pins along the c-file or, eventually, along
the h2-b8 diagonal.} Nc7 18. Qd4 $36) ({In case of} 16... Nc5 {the game
continuation} 17. e4 $1 {would have been very strong} ({But now,} 17. g6 {
is less clear, because Black's knights are better placed.} hxg6 18. Re6 Qxe6
19. Bxe6 Rxh4 20. Bxd7+ Nexd7 $13) 17... Bxf5 18. Rxf5 $32) (16... Ng6 {
was still a solid option}) 17. e4 (17. g6 $1 hxg6 (17... Bxf5 18. Rxf5 Qc7 19.
gxf7+ Nxf7 20. Rf1 $14 {/\e4}) 18. Re6 Qxe6 19. Bxe6 Rxh4 (19... Nxe6 20. Bf6
$16) 20. Bxd7+ Nxd7 21. e4 $1 dxe4 22. Qe1 $14 {[%csl Gh4][%cal Yc3e4]}) 17...
Bxf5 18. exf5 O-O {In spite of his optical domination on the king side, Hite
cannot easily create concrete threats.} 19. Qd4 (19. Qe2 $6 Rfe8 20. Re1 $2 Qb4
$1 $17) (19. Rh6 $2 Nxf5 20. Rxh7 Ng6 $1 $19) 19... Nd7 20. Qg4 Rfe8 21. Rf1
Qc5+ 22. Bf2 Ne5 23. Qh4 Qc4 $11 {By exchanging queens, Black retains an
entirely viable position.} 24. Qxc4 Nxc4 25. g6 fxg6 26. fxg6 h5 27. Rf7 Re6
28. Rxb7 a5 29. Bd4 Rxg6 30. Rf6 Rxf6 31. Bxf6 Ne8 32. Bd4 Ncd6 33. Rb6 Nf5 34.
Bc5 Rc8 35. Ne2 Nf6 36. Nd4 Nxd4 37. Bxd4 Kf7 38. Ra6 Ne4 39. Rxa5 c5 40. Ra7+
Ke6 41. Ra6+ Kf5 42. Bf2 Rb8 43. b3 c4 44. Bd4 cxb3 45. axb3 Rxb3 46. Ra1
1/2-1/2

[Event "EU-ch 6th"]
[Site "Warsaw"]
[Date "2005.06.19"]
[Round "2"]
[White "Navara, David"]
[Black "Magalashvili, Davit"]
[Result "1/2-1/2"]
[WhiteElo "2647"]
[BlackElo "2445"]
[Annotator "Marin,M"]
[PlyCount "80"]
[EventDate "2005.06.18"]
[EventType "swiss"]
[EventRounds "13"]
[EventCountry "POL"]
[SourceTitle "CBM 108"]
[Source "ChessBase"]
[SourceDate "2005.09.26"]
[SourceVersion "1"]
[SourceVersionDate "2005.09.26"]
[SourceQuality "1"]

1. d4 d5 2. c4 e6 3. Nc3 Be7 4. cxd5 exd5 5. Bf4 c6 6. e3 Nf6 7. Bd3 O-O 8. h3
Re8 9. Nf3 Nbd7 10. Qc2 Nf8 11. O-O Ne6 ({This move is far less popular than} 
11... Ng6 {Black intends to carry out a typical regroupment aimed to exchange
the light squared bishops, a plan that is strongly met by the typical
minority's attack.}) 12. Bh2 {White leaves the e5-square available to the
knight.} ({The other possible move is} 12. Be5 g6 13. Rab1 Ng7 14. b4 a6 15. a4
Bf5 16. b5 Bxd3 17. Qxd3 axb5 18. axb5 Ra3 19. bxc6 bxc6 20. Qc2 Qa5 21. Ne2
Qa6 {Black hopes to compensate for the weakness of the c6-pawn by major piece
activity.} 22. Rb2 Ne6 23. Rfb1 Ra1 (23... Nd7 {/\c5} 24. Nf4 $5 $14) 24. Nf4
Nxf4 25. Bxf4 Ne4 26. Ne5 Rc8 27. Kh2 Rxb1 28. Qxb1 Bd6 $2 {Allowing the
initiation of dangerous tactical complications.} (28... c5 $142 $5 $132) 29. f3
g5 (29... Nf6 $2 30. Nxg6 $16) 30. fxe4 gxf4 31. Ra2 $1 Qb5 32. Qd1 $18 {
[%csl Yc8] 1-0 Beliavsky,A (2620)-Afifi,A (2405)/Luzern 1989/CBM 016 (41)})
12... g6 13. Rab1 ({The alternate plan is} 13. Ne5 {initiating a king side
attack.} Ng7 14. g4 Nd7 {Immediately starting to put pressure against White's
central knight.} ({The more neutral} 14... Bd6 {allowed White to consolidate
with} 15. Rae1 h5 16. f3 Be6 17. Qg2 Rc8 18. Bf4 a6 19. Bg5 Be7 20. f4 $14 {
in the game 1-0 Kishnev,S (2470)-Kveinys,A (2520)/Germany 1993/GER-chT2 (31)})
15. Nxf7 $5 {A thunder from blue sky! White hopes to take advantage of the
temporary congestion of Black's forces.} Kxf7 16. Nxd5 Bd6 (16... cxd5 $2 17.
Bc7 $18) (16... Ne6 17. Nxe7 Qxe7 18. f4 $40) (16... Ne5 $5 17. Bxe5 cxd5 18.
f4 $44) 17. Nf4 (17. Bxd6 $5 cxd5 18. Qb3 Nf6 (18... Nb6 19. Be5 Be6 20. f4 $44
) 19. Be5 Qb6 20. Bb5 Rd8 21. a4 $44 a6 $140 $2 22. Be8+ $18) 17... Nb6 $6 (
17... Bxf4 18. Bc4+ Kf8 19. Bxf4 Nb6 20. Be5 $44) 18. Nxg6 Bxh2+ 19. Kxh2 hxg6
20. Bxg6+ Kg8 21. Bxe8 Qxe8 22. Rae1 {In this highly atypical position, the
central mass of pawns certainly looks scary.} Be6 23. f4 Rd8 24. b3 Bf7 25. f5
Qe7 26. Qg2 Qh4 27. Qg3 Qxg3+ 28. Kxg3 Rd5 29. Rd1 Ra5 30. Rd2 Nd5 {1/2-1/2
Tartakower,S-Weenink,H/Hamburg 1930/EXT 2003} (30... Nd5 31. e4 Nb4 32. Rff2
$16)) 13... Ng7 14. b4 a6 15. Na4 $5 {Before carrying out the thematic plan a4
and b5, White intends to place his pieces on the best possible squares, in
order to avoid Black's counterplay along the a-file, as in the game
Beliavsky-Afifi.} (15. a4 Bf5 16. b5 axb5 17. axb5 Bxd3 18. Qxd3 Ra3) 15... Bf5
16. Nc5 Qc8 17. Ne5 Bxd3 18. Ncxd3 Nf5 {[%csl Rb5,Rc4][%cal Yf5d6] Black uses
the available time to improve the position of his knights, too.} 19. a4 Nd6 20.
Rfc1 {White has achieved a maximum of activity and is ready for concrete
action.} Nd7 {Hoping to ensure the c4-square for the other knight.} 21. Nxd7
Qxd7 22. Nc5 Qc8 23. Bxd6 $1 {Crossing Black's intentions.} Bxd6 24. b5 axb5
25. axb5 Bxc5 26. Qxc5 Re6 27. Rb2 $14 {In spite of the general exchange of
the minor pieces, White's minority attack ensured him a minimal but long term
advantage.} Qd7 28. Rcb1 Kg7 29. bxc6 bxc6 30. Rb7 Qc8 31. Ra7 Rxa7 32. Qxa7
Re8 33. Rc1 Qe6 34. Qb7 Rc8 35. e4 Re8 36. e5 Rc8 37. g4 h5 38. f3 c5 39. dxc5
Qxe5 40. Qxc8 Qg3+ 1/2-1/2

[Event "EU-ch 6th"]
[Site "Warsaw"]
[Date "2005.06.29"]
[Round "11"]
[White "Beliavsky, Alexander G"]
[Black "Popov, Valerij"]
[Result "1-0"]
[WhiteElo "2630"]
[BlackElo "2568"]
[Annotator "Marin,M"]
[PlyCount "91"]
[EventDate "2005.06.18"]
[EventType "swiss"]
[EventRounds "13"]
[EventCountry "POL"]
[SourceTitle "CBM 108"]
[Source "ChessBase"]
[SourceDate "2005.09.26"]
[SourceVersion "1"]
[SourceVersionDate "2005.09.26"]
[SourceQuality "1"]

1. d4 d5 2. c4 e6 3. Nc3 Nf6 4. cxd5 exd5 5. Bg5 c6 6. e3 Bf5 {Apparently,
Black wanted to avoid the classical positions of the exchange variation, of
which Beliavsky is such a big expert. However, in doing so he might have
overlooked that it is quite dangerous to give a player with a concrete style
like Beliavsky such clear marks for choosing plans such as doubled pawns and a
misplaced bishop.} 7. Qf3 Bg6 8. Bxf6 Qxf6 9. Qxf6 gxf6 10. Nf3 Nd7 11. g3 Nb6
12. Nh4 Nc4 $146 {A rather provocative move. Black hopes that his pair of
bishops will exert strong pressure against White's centre.} (12... Nc8 {
1/2-1/2 Volkov,S (2612)-Slobodjan,R (2544)/Mulhouse 2005/CBM 106/[Marin,M] (47)
}) 13. Bxc4 dxc4 14. e4 O-O-O 15. O-O-O Bb4 16. f3 {Cutting the g6-bishop off
play for a long while.} Rd7 17. Rd2 Rhd8 18. Rhd1 b5 {It might seem that Black
has the initiative. Indeed, each of his last few moves threatened one of the
central pawns. However, while defending against the threats, White has
considerably activated his position as well. Under the cover of his centre, he
is ready for active operations.} 19. Kc2 $1 {A very strong move, centralising
the king in view of eventual simplifications in the centre.} Ba5 20. a3 a6 {
Aiming to comsolidate the b5-square.} (20... Bb6 {would have only led to
simplifications clearly favouring White after} 21. d5 (21. Ne2 {leads nowhere
because of} Ba5 22. Nc3 Bb6) 21... Be3 22. Re2 cxd5 23. Nxd5 $1 (23. Rxe3 d4
24. Re2 dxc3 25. Rxd7 Rxd7 26. bxc3 Rd3 $132) 23... Rxd5 24. Rxd5 Rxd5 25. Rxe3
Rd6 26. g4 $16 {[%csl Rg6][%cal Yh4g2,Yg2f4,Yf4d5] and, with his bishop safely
cut off the rest of the board, Black has little hopes to survive.}) 21. d5 $1
c5 ({A good illustration of the strength of the move 19.Kc2 is the variation:} 
21... Bxc3 22. Kxc3 cxd5 23. Rxd5 Rxd5 24. Rxd5 Rxd5 25. exd5 {[%cal Yc3d4,
Yd4c5]} Kd7 26. Kd4 Kd6 {Black has managed to prevent the enemy king from
advancing further, but unexpectedely loses the pawn ending:} 27. Nxg6 $1 fxg6
28. g4 ({The immediate} 28. a4 {is in fact just as good.}) 28... g5 29. h3 h6
30. a4 $1 $18 {and Black is hopeless. The trick} c3 {doesn't work because the
white king is just in time after} 31. bxc3 bxa4 32. c4 a3 33. c5+ ({There is
nothing wrong with} 33. Kc3 {, of course}) 33... Kd7 34. Kc3 $18) (21... cxd5
22. Rxd5 (22. Nxd5 {only places the knight under an unpleasant pin and can be
strongly met with} Kb7 $1 {avoiding any intermediate check, for instance} 23.
Rd4 Bb6 24. R4d2 Ba5 $11) 22... Rxd5 (22... Bxc3 23. Rxd7 Rxd7 24. Rxd7 Kxd7
25. Kxc3 Kd6 26. Kd4 $18 {[%cal Yg3g4,Yh4g2,Yg2e3,Ye3d5]}) 23. Rxd5 Rd7 $5 {
Aiming to maintain the tension in order to prevent White's centralisation.} (
23... Rxd5 24. Nxd5 Bd8 25. Kc3 Kd7 26. Kd4 Kd6 27. g4 $18) 24. a4 $1 ({
The straightfroward} 24. Rxd7 Kxd7 25. g4 Bc7 26. h3 Be5 {is far less clear.})
24... Rxd5 25. Nxd5 b4 26. b3 $1 {[%csl Yb4]} (26. Ne3 b3+ 27. Kc1 c3 $132)
26... c3 27. g4 Kd7 28. Ng2 Kd6 29. Nge3 $16) 22. Re2 Kb7 (22... b4 23. Na4 b3+
(23... Rc7 24. Kb1 $1 {/\ Rc1}) 24. Kc1 $1 (24. Kb1 $2 {loses a pawn to} Rxd5
$1 25. Rxd5 Rxd5 {when there is no time for} 26. Nxg6 $2 {because of} Rd1#)
24... Rc7 25. Kb1 $1 {/\ Rc1}) (22... Bc7 $5) 23. g4 {[%csl Yg6][%cal Rf3f5]}
Bc7 24. Ng2 h5 (24... Bxh2 25. f4 {/\f5, /\Rh1}) 25. h3 Rg8 26. f4 Bh7 27. f5
$1 $14 {Having isolated the enemy bishop on h7, White maintains the upper hand,
even though this costs him a pawn. Black's chances are connected with the
control of the dark central squares and of the possibility of sacrificing his
loght squared bishop for one or two white central pawns.} hxg4 28. hxg4 Rxg4
29. Rh1 Rg7 30. Ne3 Rd8 31. Rg2 Rdg8 32. Rxg7 Rxg7 {Every new exchange only
underlines the passivity of the h7-bishop.} 33. Rh4 Be5 34. Ne2 Kc7 35. Ng4 {
It becomes obvious now that White fights for the central squares with an
extra-piece.} Kd6 (35... Bd4 $1 {looks like a better chance, for instance:} 36.
Nxd4 cxd4 37. Nxf6 Rg2+ 38. Kd1 Bxf5 39. exf5 Rg1+ 40. Kd2 Rg2+ 41. Ke1 d3 42.
Ne4 Rxb2 43. Kd1 Re2) 36. Nxe5 Kxe5 {The king will not only fail to generate
counterplay, but it will also be rather unstable on this central square.} 37.
Kd2 b4 {Giving up the control of the d4-square is probably not a wise idea.} (
37... a5 $5 38. Ke3 b4 39. axb4 axb4 40. Rh1 {/\ Ng1-f3, /\ Rc1}) 38. axb4 cxb4
39. Ke3 a5 $2 (39... Bxf5 $8 40. exf5 Kxd5 {would have been Black's last
chance.}) 40. Nd4 $18 Kd6 41. Rh6 Rg3+ 42. Kf4 Rd3 43. Rxf6+ Ke7 44. Ke5 c3 (
44... Rxd4 45. d6+ $1 $18) 45. bxc3 bxc3 46. d6+ (46. d6+ Ke8 47. d7+ Kd8 48.
Rd6 $18) 1-0